[Event "Olympiad Women 2024"]
[Site "Budapest HUN"]
[Date "2024.09.16"]
[Round "6.43"]
[Board "2"]
[White "Prommuang, Araya"]
[Black "Vargas, Gabriela"]
[Result "0-1"]
[WhiteElo "1753"]
[BlackElo "2109"]
[PlyCount "104"]
[EventDate "2024.09.11"]
[WhiteTeam "Thailand"]
[BlackTeam "Paraguay"]
[WhiteTeamCountry "THA"]
[BlackTeamCountry "PAR"]

1. e4 {Mueller,Karsten} d5 2. exd5 Nf6 3. d4 Bg4 4. Nf3 Qxd5 5. Nc3 Qh5 6. Be2 Nc6 7. Bb5 ({RR} 7. Bf4 O-O-O 8. Qd2 e6 9. h3 Bxf3 10. Bxf3 Qa5 11. Bxc6 bxc6 12. Ne2 Qd5 ({RR} 12... Qxd2+ 13. Bxd2 c5) 13. O-O g5 14. c4 Qf5 15. Bg3 h5 16. d5 exd5 17. Qa5 Ne8 ({RR} 17... Bd6 18. Nd4 Qg6 19. Qa6+ Kd7 20. Bxd6 Kxd6 21. Qxc6+) 18. Nd4 Qf6 19. Qa6+ Kd7 20. Be5 Qxe5 21. Qxc6+ Kc8 {1-0 Maiorov,O (2436)-Ozgibcev,A (2447) RUS-chT 07th 2000 (8)}) 7... e6 ({RR} 7... O-O-O 8. Bxc6 bxc6 9. Qe2 e6 10. Be3 Kb7 11. O-O-O Bb4 12. Qc4 Qa5 13. Na4 Qxa4 14. a3 Bd2+ 15. Nxd2 Qxc4 16. Nxc4 Bxd1 17. Rxd1 Nd5 18. Ne5 Rhf8 19. Bd2 f6 20. Nf3 Rde8 21. c4 Nb6 22. b3 {1-0 Tan,R (2004)-Harriott,T (1806) Titled Tue 6th Feb Late 2024 (4)}) 8. Qd3 $146 ({RR} 8. Qe2 Bd6 9. Be3 a6 10. Bxc6+ bxc6 11. O-O-O Qa5 12. Qc4 Bxf3 13. gxf3 Kd7 14. Ne4 Rhb8 15. Rd3 Rb4 16. Nc5+ Ke7 17. Bd2 Rxc4 18. Bxa5 Bxc5 19. dxc5 Rd8 20. Kd2 Nd5 21. b3 Rxc5 22. b4 Rc4 {0-1 Pasti,A (1865)-Kelly,L (2182) Arad op 12th 2019 (3)}) 8... Bxf3 9. gxf3 Bb4 10. Bd2 O-O 11. Bxc6 bxc6 12. O-O-O Qa5 13. Ne4 Nxe4 14. Bxb4 Qg5+ 15. Qe3 Qxe3+ 16. fxe3 Nf2 17. Bxf8 Kxf8 18. Rhf1 Nxd1 19. Rxd1 Rb8 20. c4 Ke7 21. Kc2 f5 22. Rg1 Kf6 23. b3 g5 24. h4 gxh4 25. f4 a5 26. Rg5 a4 27. Rh5 axb3+ 28. axb3 Kg6 29. Rxh4 h5 30. Rh3 Rh8 31. Rh4 Ra8 32. Kd3 Ra1 33. Rh2 Rd1+ 34. Ke2 Rb1 35. Kf3 Rxb3 36. Rg2+ Kf6 37. c5 Rb8 38. Kg3 Rg8+ 39. Kh3 Rg4 40. Ra2 Ke7 41. Rg2 Kd7 42. Kh2 Kc8 43. Rb2 h4 44. Rg2 Kb7 45. Kh3 Rxg2 46. Kxg2 Ka6 47. Kh3 Kb5 48. Kxh4 Kc4 49. Kg3 Kc3 50. Kg2 Kc2 51. Kg3 Kd1 52. Kf3 Ke1 0-1

[Event "Olympiad Women 2024"]
[Site "Budapest HUN"]
[Date "2024.09.16"]
[Round "6.43"]
[Board "3"]
[White "Montiel Caceres, Helen"]
[Black "Mekarapiruk, Nathasha"]
[Result "1-0"]
[WhiteElo "1864"]
[BlackElo "1728"]
[PlyCount "145"]
[EventDate "2024.09.11"]
[WhiteTeam "Paraguay"]
[BlackTeam "Thailand"]
[WhiteTeamCountry "PAR"]
[BlackTeamCountry "THA"]

1. d4 d5 2. c4 e6 3. Nc3 Nf6 4. cxd5 exd5 5. Bg5 Be7 6. e3 c6 7. Bd3 Nbd7 8. Qc2 O-O 9. Nf3 Re8 10. O-O h6 11. Bh4 Ne4 12. Bxe4 Bxh4 13. Bh7+ Kh8 14. Nxh4 Qxh4 15. Bd3 Nf6 16. Rae1 ({RR} 16. Ne2 Ng4 17. h3 Nf6 18. Ng3 g6 19. b4 h5 20. Rfe1 Qg5 21. Kh1 Bd7 22. Rab1 Kg7 23. a4 Qh4 24. Kg1 Qg5 25. Kh1 Qh4 26. Kg1 Nh7 27. Ne2 Rac8 28. Nf4 Qg5 29. b5 cxb5 30. Qa2 bxa4 {0-1 Anton Guijarro,D (2673)-Firouzja,A (2759) Chessable Masters Prelim rapid 2021 (8)}) 16... Be6 17. f3 Rad8 ({RR} 17... Rac8 18. Ne2 Bd7 19. Nf4 Nh5 20. Nxh5 Qxh5 21. Qb3 Rb8 22. Qa3 a6 23. Bc2 Qg5 24. Qd3 g6 25. e4 dxe4 26. fxe4 Kg8 27. Bb3 Re7 28. Re3 Be6 29. Rg3 Qh5 30. d5 Bg4 31. Qd4 Rbe8 32. Qf6 {1-0 Beydullayeva,G (2374)-Goumas,G (2445) 8th Semana Santa Alicante 2024 (5.14)}) 18. Qf2 $146 ({RR} 18. b4 Rd6 19. Qa4 a6 20. Bb1 Bd7 21. Qc2 g6 22. Qd2 Qg5 23. Qf2 Nh5 24. e4 Nf4 25. Qg3 Rde6 26. Qxg5 hxg5 27. g3 Nh5 28. e5 R6e7 29. Kf2 Bf5 30. g4 Bxb1 31. gxh5 Bf5 32. hxg6 Bxg6 {1-0 Jakab,B (2327)-Rucek,P (1794) SVK-ch U20 Lubovna 2020 (7)}) 18... Qxf2+ 19. Kxf2 Re7 20. Re2 Rde8 21. Rc1 Rc8 22. Na4 Ne8 23. g4 Nd6 24. Nc5 g6 25. Bb1 Kg7 26. Nd3 Rh8 27. Nf4 h5 28. gxh5 g5 29. Rg1 Kh6 30. Nd3 Bf5 31. Ne5 Bxb1 32. Rxb1 Kxh5 33. Ree1 f6 34. Ng4 Kg6 35. Rbd1 f5 36. Ne5+ Kf6 37. Rh1 Reh7 38. Kg2 Rh3 39. b3 Nf7 40. Nd7+ Ke7 41. Nc5 Nd6 42. Rde1 Kf7 43. a4 Kg6 44. Nd3 Kf6 45. Ne5 Kg7 46. b4 R3h6 47. Rc1 a6 48. Rc5 Rf8 49. Re1 f4 50. e4 dxe4 51. fxe4 Re8 52. Ng4 Rg6 53. Kf3 Nf7 54. b5 cxb5 55. axb5 b6 56. Rc7 a5 57. e5 Kf8 58. Rec1 Re7 59. Rxe7 Kxe7 60. d5 Nh6 61. Nf6 Ng8 62. d6+ Kd8 63. Nd5 Re6 64. Nxb6 Ne7 65. Ke4 a4 66. dxe7+ Kxe7 67. Nxa4 Kf7 68. Rc7+ Ke8 69. b6 Kd8 70. Rh7 Kc8 71. b7+ Kb8 72. Nc5 Re8 73. Na6+ 1-0

[Event "Olympiad Women 2024"]
[Site "Budapest HUN"]
[Date "2024.09.16"]
[Round "6.43"]
[Board "4"]
[White "Khantree, Napat"]
[Black "Mayeregger Gonzalez, Fiorella Allegra"]
[Result "0-1"]
[WhiteElo "1711"]
[BlackElo "1796"]
[PlyCount "74"]
[EventDate "2024.09.11"]
[WhiteTeam "Thailand"]
[BlackTeam "Paraguay"]
[WhiteTeamCountry "THA"]
[BlackTeamCountry "PAR"]

1. d4 d5 2. c4 e6 3. Nf3 a6 4. cxd5 exd5 5. Nc3 Be7 6. Bf4 Nf6 7. h3 ({RR} 7. e3 Nh5 8. Be5 O-O 9. Qb3 c6 10. Bxb8 Rxb8 11. Bxa6 Bd6 12. Be2 g6 13. O-O Re8 14. Rac1 Nf6 15. Qd1 Bg4 16. Nd2 Bf5 17. Na4 h5 18. Nc5 b6 19. Na4 c5 20. Nc3 cxd4 21. exd4 Bf4 {0-1 Koch,T (2426)-Suvorov,L (2324) 2nd Bundesliga West 23-24 2023 (7.4)}) 7... O-O 8. e3 Nbd7 $146 ({RR} 8... b6 9. Bd3 Bb7 10. O-O Bd6 11. Bxd6 Qxd6 12. Rc1 Nbd7 13. Ne2 c5 14. Ng3 g6 15. Re1 Rfe8 16. b3 Qe7 17. Rc2 Ne4 18. Ne2 Ndf6 19. Nc3 Rac8 20. Qc1 c4 21. bxc4 dxc4 22. Bxe4 Nxe4 23. Nxe4 {1-0 Chandra,A (2495)-Narayanan,S (2564) Titled Tuesday intern op 2nd May blitz 2017 (8)}) ({RR} 8... c5 9. Bd3 c4 10. Bc2 b5 11. O-O Bb7 12. Ne2 Ne4 13. Ne1 Nd7 14. f3 Nd6 15. g4 Re8 16. Ng2 Nf8 17. Qd2 a5 18. Bg3 Bc6 19. Nef4 b4 20. Qf2 a4 21. Rfe1 Nb5 22. Rad1 b3 23. Bb1 {½-½ Jakobsen,L (2304)-Fries Nielsen,J (2405) DEN-chT 0607 2006 (6.3)}) 9. Bd3 b6 10. O-O Bb7 11. Qc2 c5 12. dxc5 bxc5 13. Rfd1 h6 14. Rac1 Rc8 15. b3 d4 16. Ne4 Nd5 17. Nd6 Bxd6 18. Bxd6 Re8 19. exd4 Nb4 20. Bh7+ Kh8 21. Qf5 Be4 22. Qxf7 Bxh7 23. dxc5 Bg8 24. Qf4 Nxa2 25. Ra1 Nc3 26. Re1 Ne2+ 27. Rxe2 Rxe2 28. Nd4 Re8 29. c6 Nf8 30. c7 Qd7 31. Rxa6 Ne6 32. Qf5 Bh7 33. Qg4 h5 34. Qh4 Nxc7 35. Bxc7 Qxc7 36. Ne6 Qe5 37. f4 Qe3+ 0-1

[Event "Olympiad Women 2024"]
[Site "Budapest HUN"]
[Date "2024.09.16"]
[Round "6.44"]
[Board "1"]
[White "Mongeli, Sasha"]
[Black "Timergazi, Layla"]
[Result "0-1"]
[WhiteElo "1819"]
[BlackElo "1979"]
[PlyCount "168"]
[EventDate "2024.09.11"]
[WhiteTeam "Kenya"]
[BlackTeam "New Zealand"]
[WhiteTeamCountry "KEN"]
[BlackTeamCountry "NZL"]

1. d4 Nf6 2. c4 c5 3. Nf3 cxd4 4. Nxd4 d6 5. Nc3 b6 6. e4 Bb7 7. Bd3 g6 8. O-O Bg7 9. Be3 O-O 10. Rc1 Nbd7 11. f3 Rc8 12. b3 Nc5 $146 ({RR} 12... a6 13. Qd2 Re8 14. Rfd1 Qc7 15. Bf1 Qb8 16. b4 e6 17. Nb3 d5 18. cxd5 exd5 19. exd5 Bf8 20. Bf4 Ne5 21. Bg5 Ned7 22. Bf4 Ne5 23. Bg5 {½-½ Nyback,T (2448)-De Vreugt,D (2446) Bermuda-B 2002 (6)}) 13. Be2 Ne8 14. Qd2 Be5 15. f4 Bg7 16. Bf3 e6 17. f5 Be5 18. Bf2 Ng7 19. fxe6 fxe6 20. Nde2 Qe7 21. Rcd1 Nd7 22. Bg3 Rcd8 23. Nb5 Bxg3 24. Nxg3 Ne5 25. Nxa7 d5 26. exd5 exd5 27. cxd5 Ba6 28. Nc6 Nxc6 29. d6 Qd7 30. Qd5+ Kh8 31. Qxc6 Qxc6 32. Bxc6 Bxf1 33. Nxf1 Rf6 34. Ne3 Rfxd6 35. Rxd6 Rxd6 36. Bb5 Nh5 37. Nc4 Rf6 38. g3 Ng7 39. Bd7 Kg8 40. Kg2 Kf7 41. a4 Ke7 42. Bb5 Nf5 43. a5 bxa5 44. Ba4 Ra6 45. g4 Nd4 46. Kg3 Ke6 47. Kf4 Kd5 48. Ne3+ Kc5 49. Ke4 Re6+ 50. Kd3 Nf3 51. h3 Rd6+ 52. Kc3 Ng1 53. h4 Nf3 54. h5 gxh5 55. gxh5 Nd4 56. Nc4 Ra6 57. Nxa5 Ne2+ 58. Kd2 Rxa5 59. Kxe2 Kd4 60. Kf3 Rxh5 61. Kg4 Rh1 62. Be8 Kc3 63. Bf7 Rf1 64. Be6 Kd4 65. Bc4 Rh1 66. Kf5 h5 67. Kg5 h4 68. Kg4 Ke3 69. Bd5 Rd1 70. Bc4 Rd4+ 71. Kh3 Rf4 72. Bd5 Kd4 73. Bc4 Ke5 74. Bg8 Kf5 75. Bd5 Kg5 76. Be6 Re4 77. Bd5 Re3+ 78. Kh2 h3 79. b4 Kh4 80. b5 Re2+ 81. Kg1 Kg3 82. Kf1 Rb2 83. Bc6 h2 84. Ke1 Rxb5 0-1

[Event "Olympiad Women 2024"]
[Site "Budapest HUN"]
[Date "2024.09.16"]
[Round "6.44"]
[Board "2"]
[White "Zhang, Jasmine Haomo"]
[Black "Ndirangu, Nyaruai"]
[Result "1-0"]
[WhiteElo "1956"]
[BlackElo "1782"]
[PlyCount "75"]
[EventDate "2024.09.11"]
[WhiteTeam "New Zealand"]
[BlackTeam "Kenya"]
[WhiteTeamCountry "NZL"]
[BlackTeamCountry "KEN"]

1. d4 Nf6 2. Bf4 g6 3. e3 Bg7 4. Nd2 c5 5. c3 b6 6. Ngf3 Bb7 7. Bd3 Nc6 ({RR} 7... Nh5 8. Bg5 h6 9. Bh4 d6 10. O-O Nd7 11. Ne1 Bf6 12. Bxf6 Nhxf6 13. f4 e5 14. Nc4 Qb8 15. Nxd6+ Qxd6 16. dxe5 Qe7 17. exf6 Qxe3+ 18. Rf2 O-O-O 19. Nc2 Qe8 20. Qg4 Kb8 21. Qg3 {1-0 Van den Doel,E (2598)-Palac,M (2541) Innsbruck op-A 2nd 2018 (9)}) ({RR} 7... d6 8. h3 Nbd7 9. Qc2 O-O 10. O-O-O Rc8 11. Kb1 Nd5 12. Be4 N7f6 13. dxc5 Nxe4 14. Nxe4 bxc5 15. Bg3 Qa5 16. Bxd6 exd6 17. Nxd6 Nxc3+ 18. bxc3 Rb8 19. Kc1 Bxf3 20. gxf3 Qa3+ 21. Kd2 Rb2 22. Nc4 {0-1 Nishant T.R. (1227)-Mchedlishvili,M (2569) 20th Delhi Open 2023 (1.5)}) 8. h3 d6 9. Qe2 Nd7 $146 ({RR} 9... O-O 10. O-O Re8 11. Bh2 e5 12. dxe5 Nxe5 13. Nxe5 dxe5 14. Rfd1 Qe7 15. e4 Nh5 16. Ba6 Nf4 17. Bxf4 Bxa6 18. Qxa6 exf4 19. f3 Red8 20. Nc4 Bf6 21. Qa4 Rxd1+ 22. Rxd1 Rd8 23. Qc2 b5 24. Na3 {1-0 Sydor,A (2425)-Balinas,R (2365) Dortmunder Schachtage-04 1976 (5)}) 10. Bg3 Qc7 11. a4 a6 12. O-O O-O 13. Nb3 Qc8 14. Rfe1 e5 15. d5 Ne7 16. e4 Bh6 17. c4 a5 18. Nbd2 f5 19. Bh4 Qe8 20. Ng5 Rc8 21. Ndf3 Nf6 22. Ne6 Rf7 23. Nfg5 Bxg5 24. Nxg5 Rg7 25. Ne6 Rf7 26. f4 fxe4 27. Bxe4 Nxe4 28. Qxe4 Nf5 29. fxe5 dxe5 30. b3 Qd7 31. Rab1 Qd6 32. Bf2 Re7 33. Qxe5 Qxe5 34. Rxe5 Ng7 35. Rbe1 Rce8 36. Nxg7 Rxe5 37. Nxe8 Rxe1+ 38. Bxe1 1-0

[Event "Olympiad Women 2024"]
[Site "Budapest HUN"]
[Date "2024.09.16"]
[Round "6.44"]
[Board "3"]
[White "Mutisya, Jully"]
[Black "Ning, Isabelle Yixuan"]
[Result "0-1"]
[WhiteElo "1750"]
[BlackElo "1915"]
[PlyCount "74"]
[EventDate "2024.09.11"]
[WhiteTeam "Kenya"]
[BlackTeam "New Zealand"]
[WhiteTeamCountry "KEN"]
[BlackTeamCountry "NZL"]

1. d4 Nf6 2. Bf4 e6 3. e3 c5 4. c3 b6 5. Nd2 Bb7 6. Ngf3 Be7 7. Bd3 cxd4 8. exd4 O-O 9. O-O d6 10. Re1 ({RR} 10. Qc2 Nbd7 11. Rfe1 Re8 12. Ne4 Qc7 13. Rad1 Rac8 14. Bg5 h6 15. Nxf6+ Nxf6 16. Bxf6 Bxf6 17. Be4 Bxe4 18. Qxe4 Qc4 19. a3 d5 20. Qc2 b5 21. Qd2 a5 22. Ne5 Bxe5 23. Rxe5 a4 24. Rde1 Qb3 {½-½ Ning,I (1662)-Deng,A (1558) NZL-ch U10/20 2020 (4)}) 10... Re8 ({RR} 10... Nbd7 11. Nc4 Qc7 12. h3 Rfe8 13. Bh2 Bf8 14. a4 a6 15. Ncd2 e5 16. Qc2 Rac8 17. Ng5 g6 18. Bc4 Re7 19. Qb3 d5 20. Bf1 Rce8 21. Ngf3 Ne4 22. Nxe4 dxe4 23. Nxe5 Nxe5 24. Bxe5 Qc6 25. Rad1 {½-½ Nguyen,N (2641)-Willow,J (2386) Titled Tuesday intern op 20th Oct blitz 2020 (5)}) 11. Qe2 Nbd7 12. Ne4 $146 ({RR} 12. Bc4 Nd5 13. Bg3 a6 14. Bd3 b5 15. a3 Nf8 16. Rac1 Ng6 17. Bxg6 hxg6 18. h3 Nb6 19. c4 bxc4 20. Nxc4 Nxc4 21. Rxc4 Bd5 22. Rc2 Qb6 23. Qd2 Bf6 24. Qb4 Qxb4 25. axb4 Red8 26. Rd2 Rab8 {½-½ Bachran,B (1944)-Bauer,N (2082) Potsdam Christmas 35th 2010 (4.15)}) ({RR} 12. h3 Qc7 13. Rad1 Nd5 14. Bh2 N5f6 15. Nf1 a6 16. a4 Bc6 17. Ra1 b5 18. axb5 axb5 19. Bxb5 Bxb5 20. Qxb5 Rab8 21. Qe2 Nb6 22. Ne3 Nbd5 23. Nxd5 Nxd5 24. Reb1 Rb3 25. Nd2 Rb7 26. Ne4 Qc6 {½-½ Llari,M (2226)-Chirivi C,Y (2139) Titled Tue 25th Jun Early 2024 (6)}) ({RR} 12. Ng5 Nf8 13. Nde4 Nxe4 14. Nxe4 Ng6 15. Bg3 Rc8 16. Qh5 Bxe4 17. Rxe4 d5 18. Re3 Bg5 19. f4 Bh6 20. Rf3 f5 21. h3 Qd7 22. Bh2 Qe7 23. Rff1 Qh4 24. Qf3 Nh8 25. g4 fxg4 26. hxg4 Rf8 {1-0 Nesterov,T (1857)-Abdelaal,I (1829) Montreal Mercredi 04 2018 (1)}) 12... Nxe4 13. Bxe4 Bxe4 14. Qxe4 Nf6 15. Qd3 Qd7 16. Rad1 b5 17. Nd2 Qc6 18. Rc1 Nd5 19. Bg3 Nb6 20. b3 d5 21. c4 bxc4 22. bxc4 dxc4 23. Nxc4 Rac8 24. Ne3 Qxc1 25. Rxc1 Rxc1+ 26. Nf1 Nd5 27. h3 h5 28. h4 Rec8 29. Kh2 Ra1 30. Qb5 a6 31. Qxa6 Rcc1 32. Qa8+ Kh7 33. Qe8 Rxf1 34. Be5 Bxh4 35. Kh3 Rh1+ 36. Bh2 Nf6 37. Qxf7 Rxh2+ 0-1

[Event "Olympiad Women 2024"]
[Site "Budapest HUN"]
[Date "2024.09.16"]
[Round "6.44"]
[Board "4"]
[White "Braganza, Nadia"]
[Black "Karanja, Ether"]
[Result "1-0"]
[WhiteElo "1892"]
[BlackElo "1637"]
[PlyCount "89"]
[EventDate "2024.09.11"]
[WhiteTeam "New Zealand"]
[BlackTeam "Kenya"]
[WhiteTeamCountry "NZL"]
[BlackTeamCountry "KEN"]

1. c4 e6 2. g3 d5 3. Bg2 Nf6 4. Nf3 b6 5. O-O Bb7 6. d4 c5 7. cxd5 exd5 8. Nc3 Be7 9. Qb3 ({RR} 9. Qa4+ Bc6 10. Qc2 O-O 11. Rd1 Na6 12. Bf4 Bb7 13. a3 Nc7 14. Be5 Rc8 15. Qa4 Ne6 16. dxc5 bxc5 17. Bxf6 Bxf6 18. e4 d4 19. Nd5 Bxd5 20. exd5 Nc7 21. Nd2 Nxd5 22. Qxa7 c4 23. Qb7 Nb6 {½-½ Gutman,L (2488)-Oberhofer,M (2217) Bad Woerishofen op 16th 2000 (5)}) ({RR} 9. b3 O-O 10. dxc5 Bxc5 11. Bb2 Nc6 12. Nb5 Re8 13. Bxf6 Qxf6 14. Nc7 Ne7 15. Qd2 Rad8 16. Nxe8 Rxe8 17. Ne1 Bxf2+ 18. Kh1 Qxa1 {½-½ Wismeijer,J (1846)-Krishtopov,K (1483) Rooky Int Open 2023 (4.12)}) 9... O-O $146 ({RR} 9... c4 10. Qc2 Nc6 11. Bg5 O-O 12. Rad1 Nb4 13. Qb1 a6 14. Ne5 b5 15. a3 Nc6 16. Bxf6 Bxf6 17. Nxd5 Bxe5 18. dxe5 Nxe5 19. Qf5 Nc6 20. Nb4 Qc8 21. Qxc8 Rfxc8 22. Rd7 Rab8 23. Rxb7 Rxb7 24. Bxc6 {½-½ Hemmerling,J (1910)-Libura,W (2218) POL-chT 2nd League 2018 (5.86)}) 10. dxc5 Bxc5 11. Bg5 Nbd7 12. Rad1 Qe8 13. Nd4 Bxd4 14. Rxd4 Nc5 15. Qc2 Nce4 16. Nxd5 Bxd5 17. Bxf6 Nxf6 18. Bxd5 Nxd5 19. Rxd5 Rc8 20. Qd3 Rc7 21. Rd1 Qc6 22. Rd8 g6 23. Rxf8+ Kxf8 24. Qe3 Rd7 25. Rc1 Qf6 26. Rc8+ Rd8 27. Rc7 Re8 28. Qd2 Qe5 29. Qd7 Re7 30. Qxe7+ Qxe7 31. Rxe7 Kxe7 32. Kg2 Ke6 33. Kf3 Ke5 34. Ke3 f5 35. Kd3 b5 36. Kc3 a5 37. a4 bxa4 38. Kc4 a3 39. bxa3 Kd6 40. Kb5 h5 41. Kxa5 Kc5 42. a4 g5 43. h4 g4 44. Ka6 Kc6 45. a5 1-0

[Event "Olympiad Women 2024"]
[Site "Budapest HUN"]
[Date "2024.09.16"]
[Round "6.45"]
[Board "1"]
[White "Pang, Kay Yan Eden"]
[Black "Thornton, Filipina"]
[Result "1-0"]
[WhiteElo "1847"]
[BlackElo "1768"]
[PlyCount "57"]
[EventDate "2024.09.11"]
[WhiteTeam "Singapore"]
[BlackTeam "Malta"]
[WhiteTeamCountry "SIN"]
[BlackTeamCountry "MLT"]

1. d4 Nf6 2. c4 g6 3. g3 c6 4. Bg2 Bg7 5. Nf3 O-O 6. O-O d5 7. Nc3 Nbd7 8. Qc2 ({RR} 8. e4 e5 {½-½ Janev,E (2456)-Voiska,M (2354) Cutro op 09th 2003 (9)}) 8... Nb6 ({RR} 8... Re8 9. Bf4 dxc4 10. Rad1 Nd5 11. Bc1 Qa5 12. e4 Nxc3 13. bxc3 e5 14. Rfe1 b5 15. Be3 Qc7 16. a4 f6 17. Rb1 a6 18. Red1 Nb6 19. axb5 cxb5 20. dxe5 fxe5 21. Qd2 Na4 22. Ng5 Bb7 23. Bh3 {½-½ Racis,M (1963)-Lyanguzova,A (1609) 5th WCh Disabilities 2023 (9.14)}) 9. cxd5 cxd5 10. Ne5 Ng4 $146 ({RR} 10... Be6 11. b3 Rc8 12. Bb2 Bf5 13. Qd2 Ne4 14. Qe3 Nf6 15. Rac1 Ng4 16. Nxg4 Bxg4 17. Qg5 Qd7 18. Nxd5 Nxd5 19. Qxd5 Qxd5 20. Bxd5 Bxe2 21. Bxb7 Rb8 22. Rfe1 Rxb7 23. Rxe2 Rd8 24. Rc4 e6 25. Rec2 {1-0 Pavlis,M (1625)-Kotleska,R (1863) Ceske Budejovice op-A 2022 (7)}) 11. Nxg4 Bxg4 12. Rd1 Rc8 13. Qb3 Be6 14. a4 a5 15. Qb5 Nc4 16. Bxd5 Bxd5 17. Nxd5 Nd6 18. Qb3 e6 19. Nc3 Rc4 20. d5 Rb4 21. Qc2 exd5 22. Nxd5 Rd4 23. Be3 Rxd1+ 24. Rxd1 Nf5 25. Bc5 Re8 26. Ne7+ Qxe7 27. Bxe7 Rxe7 28. Rd8+ Bf8 29. Qc8 1-0

[Event "Olympiad Women 2024"]
[Site "Budapest HUN"]
[Date "2024.09.16"]
[Round "6.45"]
[Board "2"]
[White "Farrugia, Jamie"]
[Black "Rice, Lauren"]
[Result "1/2-1/2"]
[WhiteElo "1733"]
[BlackElo "1824"]
[PlyCount "65"]
[EventDate "2024.09.11"]
[WhiteTeam "Malta"]
[BlackTeam "Singapore"]
[WhiteTeamCountry "MLT"]
[BlackTeamCountry "SIN"]

1. e4 c5 2. c3 d6 3. d4 Nf6 4. Bd3 g6 5. Nf3 Bg7 6. O-O O-O 7. h3 Nbd7 8. Bf4 Nh5 9. Bh2 cxd4 10. cxd4 Qb6 11. Nc3 $146 ({RR} 11. Bc2 Qxb2 12. Nbd2 Bh6 13. Nc4 Qc3 14. Bb3 b5 15. Nxd6 exd6 16. Bxd6 Bb7 17. Bxf8 Rxf8 18. d5 Ne5 19. Nxe5 Qxe5 20. Qd3 a6 21. g3 Nf6 22. Rae1 Rd8 23. f4 Qc7 24. Rd1 Bf8 25. Kh2 a5 {0-1 Heimsoth,R (1559)-Kotlar,A (1926) Essen Seniors op 1999 (2)}) 11... Bh6 12. Nd5 Qd8 13. Re1 Nb6 14. Ne3 Nf4 15. Ng4 Bxg4 16. hxg4 Nxd3 17. Qxd3 Rc8 18. g5 Bg7 19. Rac1 Qd7 20. b3 Rc6 21. Rxc6 Qxc6 22. Bf4 Qd7 23. Rc1 Rc8 24. Rc2 Rc6 25. Be3 Qc7 26. Rxc6 bxc6 27. Nd2 Qb7 28. Qc2 e6 29. Nc4 Nxc4 30. bxc4 f6 31. gxf6 Bxf6 32. Qb3 Qxb3 33. axb3 1/2-1/2

[Event "Olympiad Women 2024"]
[Site "Budapest HUN"]
[Date "2024.09.16"]
[Round "6.45"]
[Board "3"]
[White "Koh, Wei Le Gladys"]
[Black "Stagno, Milena"]
[Result "1-0"]
[WhiteElo "1788"]
[BlackElo "1664"]
[PlyCount "137"]
[EventDate "2024.09.11"]
[WhiteTeam "Singapore"]
[BlackTeam "Malta"]
[WhiteTeamCountry "SIN"]
[BlackTeamCountry "MLT"]

1. e4 c5 2. Nf3 Nc6 3. Bb5 g6 4. O-O Bg7 5. c3 Nf6 6. Re1 O-O 7. d4 cxd4 8. cxd4 a6 9. Bf1 d6 10. h3 b5 ({RR} 10... Bd7 11. Nc3 Rc8 12. Bg5 h6 13. Be3 Na5 14. Qd2 Kh7 15. b3 b5 16. e5 Ng8 17. exd6 exd6 18. Ne4 Nb7 19. Rac1 Re8 20. Neg5+ {1-0 Horvath,S (2295)-Ebner,W (2210) Leiner op 1996 (3)}) 11. a3 ({RR} 11. a4 b4 12. Bg5 h6 13. Bf4 Nh5 14. Be3 Bb7 15. Qd2 Na5 16. Qxb4 Bxe4 17. Nfd2 Bd5 18. Nc3 Nf6 19. Nxd5 Nxd5 20. Qa3 Qb6 21. Nc4 Nxc4 22. Bxc4 Nb4 23. a5 Qb7 24. Qb3 Rab8 25. d5 Rfc8 {1-0 Young,A (2092)-Musson,A (2030) Bridgend WCU 2022 (5)}) 11... Bb7 12. Nc3 Rc8 13. Bg5 $146 ({RR} 13. Bf4 Na5 14. Nd2 Nd7 15. Be3 Nb6 16. Rc1 Nbc4 17. Nxc4 Nxc4 18. Bxc4 Rxc4 19. Qd3 Qa5 20. Ne2 Rfc8 21. Bd2 Qb6 22. b3 Rxc1 23. Rxc1 Rxc1+ 24. Bxc1 Qc6 25. f3 Kf8 26. Be3 d5 27. e5 Ke8 {1-0 Paksa,R (2097)-Kurcsics,M (1916) HUN-chT2 Szechenyi 1516 2015 (1.4)}) 13... Re8 14. Qd3 Na5 15. Rad1 Nc4 16. Bc1 Qc7 17. a4 b4 18. Nb1 a5 19. b3 Nb6 20. Bf4 Qc2 21. Qb5 Qc6 22. d5 Qxb5 23. Bxb5 Red8 24. Nbd2 Nfd7 25. Be3 Nc5 26. Nd4 Nbd7 27. f3 Ne5 28. Nc4 Nxc4 29. Bxc4 Nxa4 30. Ra1 Nc3 31. Rxa5 Ra8 32. Rxa8 Rxa8 33. Nc2 Ba6 34. Nxb4 Bxc4 35. bxc4 Ra4 36. Nc6 Kf8 37. c5 Nb5 38. Rb1 Ra1 39. Rxa1 Bxa1 40. cxd6 Nxd6 41. Bd4 Bxd4+ 42. Nxd4 Kg7 43. Kf2 Kf6 44. g3 e6 45. dxe6 fxe6 46. Nc6 e5 47. Ke3 g5 48. g4 Nc4+ 49. Kf2 h6 50. Nb4 Ke6 51. Nd5 Nd2 52. Ke2 Nb3 53. Kf2 Nd4 54. Ne3 Kf6 55. Nf5 Ne6 56. Nxh6 Nf4 57. Kg3 Ne2+ 58. Kg2 Nf4+ 59. Kh2 Ne2 60. Nf5 Nd4 61. Nxd4 exd4 62. Kg2 Ke5 63. Kf2 Kf4 64. Ke2 d3+ 65. Kxd3 Kxf3 66. e5 Kg3 67. Ke4 Kxh3 68. Kf5 Kh4 69. e6 1-0

[Event "Olympiad Women 2024"]
[Site "Budapest HUN"]
[Date "2024.09.16"]
[Round "6.45"]
[Board "4"]
[White "Portelli, Martina"]
[Black "Fang, Kun"]
[Result "0-1"]
[WhiteElo "1523"]
[BlackElo "1769"]
[PlyCount "142"]
[EventDate "2024.09.11"]
[WhiteTeam "Malta"]
[BlackTeam "Singapore"]
[WhiteTeamCountry "MLT"]
[BlackTeamCountry "SIN"]

1. e4 e5 2. Nf3 Nc6 3. Bc4 Bc5 4. c3 Nf6 5. d3 d6 6. O-O a6 7. Bb3 Ba7 8. Re1 h6 9. Nbd2 O-O 10. Nf1 Re8 11. Ng3 Be6 12. Bc2 d5 13. exd5 Bxd5 14. Be3 Bxe3 15. Rxe3 Qd7 16. h3 Re7 17. d4 $146 ({RR} 17. Qd2 Rae8 18. Rae1 g6 19. Nh4 Nh7 20. Nh5 Kh8 21. d4 gxh5 22. Rg3 Re6 23. dxe5 Qd8 24. Nf5 Nxe5 25. Rg7 Nf3+ 26. gxf3 Rxe1+ 27. Kh2 Rh1+ {0-1 Aronian,L (2764)-Karjakin,S (2782) Leuven GCT rapid 2018 (7)}) 17... Rae8 18. dxe5 Nxe5 19. Nxe5 Rxe5 20. Rxe5 Rxe5 21. Bb3 Qe7 22. Bxd5 Nxd5 23. Qf3 c6 24. Nf5 Qf6 25. g4 g6 26. Nd4 Qxf3 27. Nxf3 Re2 28. Rb1 Nf4 29. Kf1 Rc2 30. Nd4 Rd2 31. h4 Nd3 32. Ne2 Rxb2 33. Rxb2 Nxb2 34. Ng3 Na4 35. Ne4 f5 36. gxf5 gxf5 37. Nd6 Nxc3 38. Nxf5 Kh7 39. Nd6 b5 40. Nb7 Nxa2 41. Ke2 Kg6 42. Ke3 Kh5 43. Kd4 Kxh4 44. f4 Nc1 45. f5 Kg5 46. Ke5 Nd3+ 47. Ke6 Nf4+ 48. Ke5 Nd5 49. Na5 b4 50. Nxc6 b3 51. Nd4 b2 52. Nf3+ Kg4 53. Nd2 Ne7 54. f6 Ng6+ 55. Kd4 h5 56. Kc3 h4 57. Kxb2 h3 58. Nf1 Kf3 59. Nh2+ Kg3 60. Nf1+ Kg2 61. Ne3+ Kf3 62. Nf1 Ne5 63. Nh2+ Kf4 64. Kb3 Kf5 65. Ka4 Kxf6 66. Ka5 Kf5 67. Kxa6 Kf4 68. Kb5 Kg3 69. Nf1+ Kf2 70. Nd2 h2 71. Ne4+ Kg2 0-1